Bűnözéstől való félelem és erőszak ábrázolása bulvár, minőségi és online sajtótermékekben
| Main Author: | |
|---|---|
| Other Authors: | |
| Format: | Thesis |
| Kulcsszavak: | Amerikai Egyesült Államok bűnügyek cikkek Magyarország sajtótermékek |
| Online Access: | http://dolgozattar.uni-bge.hu/59038 |
MARC
| LEADER | 00000nta a2200000 i 4500 | ||
|---|---|---|---|
| 001 | dolg59038 | ||
| 005 | 20251027142839.0 | ||
| 008 | 251027suuuu hu om 000 hun d | ||
| 040 | |a BGE Dolgozattár Repozitórium |b hun | ||
| 041 | |a hu | ||
| 100 | 1 | |a Magyar Rebeka Lili | |
| 245 | 1 | 0 | |a Bűnözéstől való félelem és erőszak ábrázolása bulvár, minőségi és online sajtótermékekben |c Magyar Rebeka Lili |h [elektronikus dokumentum] |
| 520 | 3 | |a Szakdolgozatom témája a bűnözéstől való félelem és erőszak ábrázolása a különböző sajtótermékekben. Tanulmányomban a magyar, illetve az amerikai sajtó bűncselekményekről szóló cikkeit elemzem különböző szempontok szerint. Kitérek többek közt az áldozat és elkövető ábrázolására, a bűncselekmények bemutatásának technikájára, a félelemkeltés módjára és az olvasóra való hatásokra. A magyarországi sajtóban, mint bulvársajtó a Bors és Blikk lapokat, minőségi sajtóként a Népszava és HVG kiadványokat, illetve online sajtótermékként a Telex és Index hírportálokat elemeztem. Az amerikai sajtóban a People Magazine, a New York Post, a The New York Times és a The Washington Post cikkeit vizsgáltam. A dolgozatomban kvantitatív módszert is alkalmaztam, hogy felmérjem a magyarországi lakosok félelmeit és bűncselekményt feldolgozó cikkekkel kapcsolatos érdeklődésüket. A három hipotézisemből kettő hamisnak bizonyult:A magyarországi és amerikai minőségi sajtó bűncselekményekről szóló narratívája között nincs eltérés. Az amerikai bulvársajtó kevésbé informatív az áldozat vagy az elkövető hátterét tekintve, mint a magyar bulvár. Egy pedig igaznak: A magyarlakosság több, mint fele olvas híreket és érdeklik a bűncselekményekről szóló tudósítások. | |
| 695 | |a Amerikai Egyesült Államok | ||
| 695 | |a bűnügyek | ||
| 695 | |a cikkek | ||
| 695 | |a Magyarország | ||
| 695 | |a sajtótermékek | ||
| 700 | 1 | |a Bajomi-Lázár Prof. Dr. Péter |e ths | |
| 700 | 1 | |a Molnár Szilvia |e ths | |
| 856 | 4 | 0 | |u http://dolgozattar.uni-bge.hu/59038/1/B%C5%B1n%C3%B6z%C3%A9st%C5%91l%20val%C3%B3%20f%C3%A9lelem%20%C3%A9s%20er%C5%91szak%20%C3%A1br%C3%A1zol%C3%A1sa%20a%20bulv%C3%A1r%2C%20min%C5%91s%C3%A9gi%20%C3%A9s%20online%20sajt%C3%B3term%C3%A9kekben_Magyar_Rebeka_Lili_WIHMP8.pdf |z Dokumentum-elérés |
| 856 | 4 | 0 | |u http://dolgozattar.uni-bge.hu/59038/2/B%C3%ADr%C3%A1lati%20lap%20Magyar%20Rebeka%20PDF.pdf |z Dokumentum-elérés |
| 856 | 4 | 0 | |u http://dolgozattar.uni-bge.hu/59038/3/KB_Magyar_Rebeka.pdf |z Dokumentum-elérés |